| 000 | 01444nam a2200313Ia 4500 | ||
|---|---|---|---|
| 001 | ebr10320365 | ||
| 003 | CaPaEBR | ||
| 006 | m u | ||
| 007 | cr cn||||||||| | ||
| 008 | 090203s2008 ohua sb 101 0 eng d | ||
| 020 | _z0871707225 | ||
| 020 | _z9780871707222 | ||
| 040 |
_aCaPaEBR _cCaPaEBR |
||
| 035 | _a(OCoLC)506072287 | ||
| 050 | 1 | 4 |
_aTN689.2 _b.I53945 2007eb |
| 111 | 2 |
_aInternational Conference on Shape Memory and Superelastic Technologies _d(2007 : _cTsukuba-shi, Japan) |
|
| 245 | 1 | 0 |
_aSMST-2007 _h[electronic resource] : _bproceedings of the International Conference on Shape Memory and Superelastic Technologies, December 2-5, 2007, Tsukuba, Japan / _ceditor, Shuichi Miyazaki. |
| 246 | 3 | 0 | _aShape memory and superelastic technologies |
| 260 |
_aMaterials Park, OH : _bASM International, _c2008. |
||
| 300 |
_axvi, 707 p. : _bill. |
||
| 504 | _aIncludes bibliographical references and indexes. | ||
| 533 |
_aElectronic reproduction. _bPalo Alto, Calif. : _cebrary, _d2009. _nAvailable via World Wide Web. _nAccess may be limited to ebrary affiliated libraries. |
||
| 650 | 0 |
_aShape memory effect _vCongresses. |
|
| 650 | 0 |
_aAlloys _xThermomechanical properties _vCongresses. |
|
| 655 | 7 |
_aElectronic books. _2local |
|
| 700 | 1 | _aMiyazaki, Shuichi. | |
| 710 | 2 | _aebrary, Inc. | |
| 856 | 4 | 0 |
_uhttp://site.ebrary.com/lib/rucke/Doc?id=10320365 _zAn electronic book accessible through the World Wide Web; click to view |
| 999 |
_c174714 _d174714 |
||